000 00631nam a2200193Ia 4500
003 IN-BaIIA
008 211028s9999 xx 000 0 eng d
040 _cIIA Library
080 _a528.43
_bMAU
100 _aMauersberger, Peter
_94094
245 0 _aTheorie der elektromagnetischen feider (in German)
_c Peter Mauersberger
260 _aBerlin
_bVeb Deutscher verlag Der Wissenschaften
_c1964
300 _axii, 248p.
490 _aGeomagnetismus und Aeronomie Band 1/1
650 _aAeronomy
650 _aAstronomy and Astrophysics Thesaurus
650 _aGeomagnetism
942 _cBK
999 _c2284
_d2284